Loading...
| Current Events | 2 | 15.00 | 100% | 50% | 0% |
| Fine Arts - Classical Music | 6 | 10.00 | 100% | 0% | 0% |
| Fine Arts - Other Fine Arts | 5 | 14.00 | 60% | 60% | 20% |
| Fine Arts - Painting and Sculpture | 8 | 23.75 | 100% | 88% | 50% |
| Geography | 2 | 15.00 | 100% | 50% | 0% |
| History - American History | 6 | 16.67 | 100% | 67% | 0% |
| History - European History | 6 | 18.33 | 100% | 67% | 17% |
| History - Other History | 6 | 13.33 | 100% | 33% | 0% |
| History - World History | 8 | 15.00 | 88% | 50% | 13% |
| Literature - American Literature | 6 | 16.67 | 100% | 33% | 33% |
| Literature - British Literature | 5 | 22.00 | 80% | 80% | 60% |
| Literature - European Literature | 6 | 20.00 | 100% | 67% | 33% |
| Literature - World Literature | 8 | 22.50 | 88% | 75% | 63% |
| Mythology | 6 | 20.00 | 100% | 67% | 33% |
| Other Academic | 2 | 20.00 | 100% | 100% | 0% |
| Philosophy | 2 | 20.00 | 100% | 100% | 0% |
| Pop Culture | 2 | 20.00 | 100% | 100% | 0% |
| Religion | 7 | 17.14 | 100% | 57% | 14% |
| Science - Biology | 4 | 12.50 | 100% | 25% | 0% |
| Science - Chemistry | 6 | 11.67 | 67% | 33% | 17% |
| Science - Other Science | 7 | 14.29 | 86% | 29% | 29% |
| Science - Physics | 10 | 12.00 | 90% | 30% | 0% |
| Social Science | 4 | 12.50 | 100% | 25% | 0% |